Local authorities for the integration of immigrants : conference report / jointly organised by Partenalia, Erlai and Sigma networks ; translations: Discobole conference report / jointly organised by Partenalia, Erlai and Sigma networks ; translations:

Descripción Física: 36 p. ; 29 cm

MARC

LEADER 00000nam a2200000Ia 4500
001 21044
003 BGR
005 20260324180110.0
008 160829s2006 xx 000 0 cat d
080 |a FU-25-24 
245 |a Local authorities for the integration of immigrants :  |b  conference report / jointly organised by Partenalia, Erlai and Sigma networks ; translations:  |b  Discobole 
260 |a Brussels :  |b Partenalia :  |b Diputació de Barcelona. Àrea de Presidència,  |c 2006 
300 |a 36 p. ;  |c 29 cm 
590 |a A la contraportada: Printed by: Diputación de Barcelona, Executive Secretariat of Partenalia 
650 |a Integració social  |x Congressos   |9 46285 
650 |a Immigrants  |x Congressos   |9 46286 
650 |a Administració local  |x Congressos  |9 27317 
710 |a Barcelona (Catalunya : Província).  |b Àrea de Presidència  |9 52558 
710 2 |a Discobole  |9 70712  |e tr. 
901 |a Arxiu 
942 |n 1  |2 udc  |c MON 
952 |0 0  |1 0  |4 0  |6 FU2524  |7 1  |9 53129  |a Arxiu  |b Arxiu  |d 2016-12-01  |l 0  |o FU-25-24  |p 21044  |r 2016-12-01 00:00:00  |w 2016-12-01  |y ARXIU 
999 |c 56978  |d 56978